• 首页
  • 本馆介绍
  • 公告通知
  • 最新文献
  • 馆藏检索
  • 电子资源
  • 读者导购
  • 参考咨询
  • 我的图书馆
  • 登录
  • 详细信息显示
  • 放入我的书架
  • 预约/预借图书
  • 作者相关作品
  • 分类相关作品
  • 丛书相关作品
  • 出版社相关作品

书目信息

  • 表格格式
  • 工作单格式
  • 卡片格式
题名:
美丽英文
    
 
作者: 华兹华斯 著 ;安娜 译
分册:   世界上最动听的诗歌
出版信息: 哈尔滨   黑龙江人民出版社  2007
页数: 213页
开本: 23cm
丛书名:
单 册:
中图分类: H319.4:I12
科图分类:
主题词: 英语--汉语--对照读物 , 诗歌--世界--选集 , 英语 , 汉语 , 诗歌
电子资源:
ISBN: 7-207-07162-0
000 01132nam0 2200289 450
001 003361143
005 20220929154715.00
010    @a7-207-07162-0@dCNY21.80
035    @a003361143
100    @a20051117d2007 em y0chiy0110 ea
101 2  @achi@aeng@beng@cmul
102    @aCN@b230000
105    @aa z 000gy
200 1  @a美丽英文@Amei li ying wen@e名家名篇·双语阅读@Eming jia ming pian· shuang yu yue dou@i世界上最动听的诗歌@Ishi jie shang zui dong ting de shi ge@dThe most beautiful English@iThe most beautiful verses in the world@f(英)威廉·华兹华斯等著@F( ying ) wei lian· hua zi hua si deng zhu@g安娜译@Gan na yi@zeng
210    @a哈尔滨@c黑龙江人民出版社@d2007
215    @a213页@c图@d23cm
510 1  @aThe most beautiful English@iThe most beautiful verses in the world@zeng
606 0  @a英语@x汉语@j对照读物
606 0  @a诗歌@y世界@j选集
606 0  @a英语
606 0  @a汉语
606 0  @a诗歌
690    @aH319.4:I12@v4
701  0 @c(英)@a华兹华斯@Ahua zi hua si@c(Wordsworth,William@f1770~1850)@4著
702  0 @a安娜@Aan na@c(英语)@4译
801  0 @aCN@bNLC@c20070807
905    @dH319.4:I12@e1497@f5
    
    美丽英文:名家名篇·双语阅读.世界上最动听的诗歌=The most beautiful English.The most beautiful verses in the world/(英)威廉·华兹华斯等著/安娜译.-哈尔滨:黑龙江人民出版社,2007
    213页:图;23cm
    
    
    ISBN 7-207-07162-0:CNY21.80
    
●
相关链接 在E读中查询图书 在五车中查询图书 在当当中查询图书 在豆瓣中查询图书


正题名:美丽英文     索取号:H319.4:I12/1497         预约/预借

序号 登录号 条形码 馆藏地/架位号 状态 备注
1 0853632   208536324   第二样本阅览室/ [索取号:H319.4:I12/1497] 在馆    
2 0853633   208536333   第四借阅区/ [索取号:H319.4:I12/1497] 在馆    
3 0853634   208536342   第四借阅区/ [索取号:H319.4:I12/1497] 在馆    
4 0853635   208536351   第四借阅区/ [索取号:H319.4:I12/1497] 在馆    
5 0853636   208536360   第四借阅区/ [索取号:H319.4:I12/1497] 在馆    
6 1056559   210565592   密集书库-文学院/ [索取号:H319.4:I12/1497] 在馆    
7 1057017   210570176   密集书库-文学院/ [索取号:H319.4:I12/1497] 在馆    
8 1057018   210570185   密集书库-文学院/ [索取号:H319.4:I12/1497] 在馆    
唐山师范学院图书馆 欢迎您!
大连网信软件有限公司© 版权所有